000
00466nam a2200181Ia 4500
008
100917s9999 xx 000 0 und d
082
_b
60916
100
_a
देशमुख वसंत
245
_a
अंतू
260
_b
परचुरे प्रकाशन
_c
1979
300
_a
248
365
_b
30
520
_a
कादंबरी
630
_a
अंतू
650
_a
कादंबरी
730
_a
अंतू
942
_c
BOOK
999
_c
666310
_d
666307